00820nam a2200205 i 450000100060000000300090000600500170001500700030003200800410003524501180007626000340019430000220022850000780025065000290032871000330035771000530039085200320044399900170047595201220049282786ES-MaACL20230906174730.0t|041111s1967 sp ||||1| spa d03aLa Iglesia en el diálogo con nuestro mundo b: texto y comentario a la Constitución Pastoral Gaudium et Spes. aBilbao : bMensajero, c1967. a349 p. ; c22 cm. aPrecede al tít.: Universidad de Deusto. Instituto de Ciencias Sociales.14aIglesia y mundo.91362572 aUniversidad de Deusto.971722 aInstituto de Ciencias Sociales (Barcelona)94842 aES-MaACLjC-32582 bR.62967 c82786d82786 00104070aATENEOMbATENEOMcDEPO2d2008-01-17eSCl0oC-32582p1086518r2023-02-23 00:00:00w2023-02-23yMONOGRAFIA